Tropical tree a-diversity (Registro nro. 13195)

Detalles MARC
000 -CABECERA
Campo de control 011550000a22003610004500
090 ## - CLASIFICACIÓN LOCAL
Colección AR
Consecutivo 04097
041 0# - IDIOMA
Código de idioma para texto/pista de sonido o título separado
100 1# - ASIENTO PRINCIPAL--NOMBRE PERSONAL
Nombre personal Condit, Richard
245 10 - MENCION DE TITULO
Título Tropical tree a-diversity
Version results from a worldwide network of large plots
700 1# - ASIENTO SECUNDARIO - NOMBRE PERSONAL
Nombre personal Ashton, Peter
700 1# - ASIENTO SECUNDARIO - NOMBRE PERSONAL
Nombre personal Balslev, Henrik
700 1# - ASIENTO SECUNDARIO - NOMBRE PERSONAL
Nombre personal Brokaw, Nicholas
700 1# - ASIENTO SECUNDARIO - NOMBRE PERSONAL
Nombre personal Bunyavejchwin, Sarayudh
700 1# - ASIENTO SECUNDARIO - NOMBRE PERSONAL
Nombre personal Chuyong, George
700 1# - ASIENTO SECUNDARIO - NOMBRE PERSONAL
Nombre personal Co, Leonard
700 1# - ASIENTO SECUNDARIO - NOMBRE PERSONAL
Nombre personal Shivaramaiah Dattaraja, Handanakeres
700 1# - ASIENTO SECUNDARIO - NOMBRE PERSONAL
Nombre personal Davies, Stuart
700 1# - ASIENTO SECUNDARIO - NOMBRE PERSONAL
Nombre personal Esufall, Gunatilleke
700 1# - ASIENTO SECUNDARIO - NOMBRE PERSONAL
Nombre personal Ewango, Corneille
700 1# - ASIENTO SECUNDARIO - NOMBRE PERSONAL
Nombre personal Foster, Robin
700 1# - ASIENTO SECUNDARIO - NOMBRE PERSONAL
Nombre personal Gunatilleke, Nimal
700 1# - ASIENTO SECUNDARIO - NOMBRE PERSONAL
Nombre personal Gunatilleke, Savi
700 1# - ASIENTO SECUNDARIO - NOMBRE PERSONAL
Nombre personal Hernandez, Consuelo
700 1# - ASIENTO SECUNDARIO - NOMBRE PERSONAL
Nombre personal Hubbell, Stephen
700 1# - ASIENTO SECUNDARIO - NOMBRE PERSONAL
Nombre personal John, Robert
700 1# - ASIENTO SECUNDARIO - NOMBRE PERSONAL
Nombre personal Kenfack, David
700 1# - ASIENTO SECUNDARIO - NOMBRE PERSONAL
Nombre personal Kiratiprayoon, Somboon
700 1# - ASIENTO SECUNDARIO - NOMBRE PERSONAL
Nombre personal Hall, Pamela
700 1# - ASIENTO SECUNDARIO - NOMBRE PERSONAL
Nombre personal Hart, Terese
700 1# - ASIENTO SECUNDARIO - NOMBRE PERSONAL
Nombre personal Itoh, Akira
773 1# - Item fuente:
Título Biol. Skr.
Paginas del Articulo 565-582
Lugar, editorial y fecha de publicación 2005
Información sobre la relación 55
942 ## - ELEMENTOS ADICIONALES (KOHA)
Tipo de ítem Artículo
Existencias
Withdrawn status Lost status Damaged status No para préstamo Colección Ubicación Permanente Ubicación actual Fecha de adquisición Fuente de Valor Datos de publicación Seriada Total Checkouts Número topográfico Inventario / Código de Barras Date last seen Ejemplar Price effective from Forma de adquisición Tipo de material
      No para Préstamo Hemeroteca Bogotá Bogotá 06/01/2006 Vallejo Martha Isabel Fuera de circulación   AR 04097 022824 25/03/2015 1 25/03/2015   Artículo